000 01202naa a22002897a 4500
001 BR8204803
003 BR-BrBNA
005 20240918175144.0
007 ta
008 230509b bl.||||| |||| 00| 0 por d
040 _aBR-BrBNA
_bpor
_cBiblioteca Nacional de Agricultura
041 _a(Pt)
072 _aC00
_b/G514
090 _aC00 BR8204803
100 1 _aHadler, L.
111 1 _a2. Encontro de Diretores e/ou Coordenadores de Cursos e Representantes de Classe de Economia Domestica
_cVicosa, MG (Brazil)
_d4-6 May 1982
245 1 _aEstagio em economia domestica [ensino superior, Brasil]
260 3 _aBrasilia, DF (Brasil):
_c1982.
500 _aAnais do 2. Encontro de Diretores e/ou Coordenadores de Cursos e Representantes de Classe de Economia Domestica Brasilia, DF (Brasil): 1982. p. 21-28 (BR8204803-AM)C00
650 _aENSINO SUPERIOR
650 _aECONOMIA DOMESTICA
650 _aCURSO
650 _aPROGRAMA EDUCACIONAL
773 0 _tAnais do 2. Encontro de Diretores e/ou Coordenadores de Cursos e Representantes de Classe de Economia Domestica
_wC00 BR8204803
_gBrasilia, DF (Brasil), 1982. p. 21-28
909 _a202404
_bLucia
_c55
_dLucia Elande
942 _cAM
_2AGRIS
999 _c315303
_d315303